| 000 | 00396nam a2200145 a 4500 | ||
|---|---|---|---|
| 001 | 2935 | ||
| 003 | CDMR | ||
| 005 | 20130325123408.0 | ||
| 008 | 130130s1995||||||||||||||||||||||||||||d | ||
| 040 |
_aCDMR _bcat _cCPC LLEIDA |
||
| 100 | 1 |
_aCastells, Enric _92156 |
|
| 245 | 1 | 0 |
_aNadal a Lleida (1940-1995) _cCASTELLS, Enric, ROIG, Miquel |
| 260 |
_aLleida _c1995 _bAjuntament de Lleida |
||
| 942 |
_cMON _2udc |
||
| 999 |
_c2935 _d2935 |
||